[Event "Stone Flower 14th"]
[Site "Nizhnij Tagil"]
[Date "2013.12.05"]
[Round "9"]
[White "Tetradze, Andrey"]
[Black "Matveev, Vladimir1"]
[Result "1/2-1/2"]
[WhiteElo "2170"]
[BlackElo "2343"]
[PlyCount "117"]
[EventDate "2013.11.28"]
[EventType "tourn"]
[EventRounds "9"]
[EventCountry "RUS"]
[EventCategory "1"]
[SourceTitle "EXT 2015"]
[Source "ChessBase"]
[SourceDate "2014.11.20"]
[SourceVersion "1"]
[SourceVersionDate "2014.11.20"]
[SourceQuality "1"]

1. d4 Nf6 2. Nf3 g6 3. g3 Bg7 4. Bg2 0-0 5. 0-0 d6 6. c4 Nc6 7. Nc3 Bf5 8. Nh4 Bd7 9. d5 Na5 10. Qd3 c5 11. Bd2 a6 12. Rab1 b5 13. b3 Rb8 14. Ne4 Ng4 15. Bc3 bxc4 16. bxc4 Ne5 17. Bxe5 Bxe5 18. Nf3 Bg7 19. Ned2 Qc7 20. Qa3 Bf5 21. e4 Bg4 22. Rfd1 Bxf3 23. Bxf3 Bh6 24. Be2 Rxb1 25. Nxb1 Rb8 26. Nd2 Rb4 27. f4 Qb6 28. Qd3 Bg7 29. Rb1 Rb2 30. a3 Bc3 31. Rxb2 Qxb2 32. Nf3 Nb3 33. Bd1 Nd4 34. a4 a5 35. h4 Kg7 36. Kf1 Qc1 37. Nxd4 cxd4 38. e5 Qb2 39. Qe2 Qb1 40. Qc2 Qb4 41. Qd3 Qb8 42. exd6 exd6 43. Bc2 Qe8 44. Qe2 Qd7 45. Kg2 Qc8 46. h5 Qd7 47. hxg6 hxg6 48. f5 g5 49. Qe4 Kf6 50. Kf2 Qd8 51. Qh1 d3 52. Bxd3 Qb6+ 53. Kf3 Bd2 54. Qa1+ Ke7 55. f6+ Kd8 56. Qb1 Qe3+ 57. Kg2 Bb4 58. Qc2 Qd4 59. Qf2 1/2-1/2

[Event "Stone Flower 14th"]
[Site "Nizhnij Tagil"]
[Date "2013.12.04"]
[Round "8"]
[White "Saiyn, Zhanat"]
[Black "Tetradze, Andrey"]
[Result "1-0"]
[WhiteElo "2360"]
[BlackElo "2170"]
[PlyCount "87"]
[EventDate "2013.11.28"]
[EventType "tourn"]
[EventRounds "9"]
[EventCountry "RUS"]
[EventCategory "1"]
[SourceTitle "EXT 2015"]
[Source "ChessBase"]
[SourceDate "2014.11.20"]
[SourceVersion "1"]
[SourceVersionDate "2014.11.20"]
[SourceQuality "1"]

1. d4 Nf6 2. c4 c5 3. d5 b5 4. cxb5 a6 5. bxa6 Bxa6 6. Nc3 g6 7. Nf3 Bg7 8. e4 Bxf1 9. Kxf1 d6 10. g3 0-0 11. Kg2 Na6 12. Nd2 Qb6 13. Nc4 Qb4 14. Qe2 Nd7 15. Bg5 Rfe8 16. a3 Qb8 17. h4 h6 18. Bf4 Nc7 19. a4 Nb6 20. Ne3 e5 21. dxe6 Nxe6 22. a5 Nxf4+ 23. gxf4 Nd7 24. Ned5 Nf6 25. Nxf6+ Bxf6 26. Nd5 Bg7 27. h5 f5 28. Qc4 Kf8 29. e5 g5 30. Qd3 dxe5 31. Qxf5+ Kg8 32. fxg5 Ra6 33. Nf6+ Bxf6 34. Qg6+ Kf8 35. gxf6 Qb7+ 36. Kh2 Rb8 37. Qxh6+ Kf7 38. Qg6+ Ke6 39. f7+ Ke7 40. Qg7 Rf8 41. Qxe5+ Kxf7 42. Qf5+ Rf6 43. Qh7+ Ke6 44. Qxb7 1-0

[Event "Stone Flower 14th"]
[Site "Nizhnij Tagil"]
[Date "2013.12.03"]
[Round "7"]
[White "Tetradze, Andrey"]
[Black "Nurtdinov, Radik"]
[Result "1/2-1/2"]
[WhiteElo "2170"]
[BlackElo "2119"]
[PlyCount "117"]
[EventDate "2013.11.28"]
[EventType "tourn"]
[EventRounds "9"]
[EventCountry "RUS"]
[EventCategory "1"]
[SourceTitle "EXT 2015"]
[Source "ChessBase"]
[SourceDate "2014.11.20"]
[SourceVersion "1"]
[SourceVersionDate "2014.11.20"]
[SourceQuality "1"]

1. d4 d5 2. Nf3 Nf6 3. g3 c6 4. Bg2 Bf5 5. 0-0 e6 6. c4 h6 7. Nc3 Be7 8. Qb3 Qb6 9. Bf4 Nbd7 10. c5 Qa6 11. Rfe1 b6 12. cxb6 axb6 13. Ne5 Nxe5 14. dxe5 Nd7 15. e4 Nc5 16. Qd1 Bg6 17. exd5 cxd5 18. Bf1 Bd3 19. Qg4 g5 20. Be3 Bxf1 21. Rxf1 h5 22. Qd4 Nd3 23. Qxb6 Qxb6 24. Bxb6 Nxb2 25. Bd4 Nc4 26. f4 Nd2 27. Rf2 Nb3 28. Nb5 Nxd4 29. Nxd4 Bc5 30. Rd2 gxf4 31. Kg2 Bxd4 32. Rxd4 fxg3 33. hxg3 f6 34. Rb4 fxe5 35. Rb7 Rf8 36. Rh7 Rd8 37. Rb1 Rf7 38. Rxh5 e4 39. a4 Ke7 40. a5 Kf6 41. Rb6 Re8 42. a6 Kg7 43. Rg5+ Kf8 44. Re5 Rfe7 45. Kf2 Kf7 46. Ke3 Rc8 47. Kf4 Rc3 48. Rh5 e5+ 49. Kg4 Kg7 50. Rg5+ Kh7 51. Kh5 Rg7 52. a7 Rxg5+ 53. Kxg5 Rxg3+ 54. Kf5 Ra3 55. Rb7+ Kh6 56. Kxe5 e3 57. Kxd5 e2 58. Re7 Rxa7 59. Rxe2 1/2-1/2

[Event "Stone Flower 14th"]
[Site "Nizhnij Tagil"]
[Date "2013.12.01"]
[Round "4"]
[White "Djachkov, Sergej"]
[Black "Tetradze, Andrey"]
[Result "1/2-1/2"]
[WhiteElo "2358"]
[BlackElo "2170"]
[PlyCount "26"]
[EventDate "2013.11.28"]
[EventType "tourn"]
[EventRounds "9"]
[EventCountry "RUS"]
[EventCategory "1"]
[SourceTitle "EXT 2015"]
[Source "ChessBase"]
[SourceDate "2014.11.20"]
[SourceVersion "1"]
[SourceVersionDate "2014.11.20"]
[SourceQuality "1"]

1. e4 e5 2. Nf3 Nf6 3. Nxe5 d6 4. Nf3 Nxe4 5. Qe2 Qe7 6. d3 Nf6 7. Bg5 Qxe2+ 8. Bxe2 Be7 9. Nc3 c6 10. 0-0 0-0 11. Rfe1 h6 12. Bh4 Re8 13. d4 Nbd7 1/2-1/2

[Event "Stone Flower 14th"]
[Site "Nizhnij Tagil"]
[Date "2013.11.30"]
[Round "2"]
[White "Pogromsky, Mikhail"]
[Black "Tetradze, Andrey"]
[Result "1-0"]
[WhiteElo "2411"]
[BlackElo "2170"]
[PlyCount "125"]
[EventDate "2013.11.28"]
[EventType "tourn"]
[EventRounds "9"]
[EventCountry "RUS"]
[EventCategory "1"]
[SourceTitle "EXT 2015"]
[Source "ChessBase"]
[SourceDate "2014.11.20"]
[SourceVersion "1"]
[SourceVersionDate "2014.11.20"]
[SourceQuality "1"]

1. Nf3 d5 2. d4 Nf6 3. c4 c6 4. e3 e6 5. Nbd2 Nbd7 6. Bd3 Be7 7. 0-0 0-0 8. e4 dxe4 9. Nxe4 Nxe4 10. Bxe4 Nf6 11. Bc2 c5 12. Bg5 h6 13. Bh4 cxd4 14. Qd3 g6 15. Ne5 Qe8 16. Rad1 Nd7 17. Bg3 Nxe5 18. Bxe5 f6 19. Bxd4 e5 20. Be3 Kg7 21. f4 Bf5 22. Qb3 Bxc2 23. Qxc2 exf4 24. Rxf4 f5 25. Rfd4 f4 26. Bf2 Bf6 27. Rxf4 Rd8 28. Rxd8 Qxd8 29. Rf3 Qa5 30. Ra3 Qe5 31. Re3 Qa5 32. b3 Rd8 33. Re2 a6 34. h3 Qg5 35. Qe4 Rd7 36. Kh2 Re7 37. Qf3 Rd7 38. Bg3 h5 39. h4 Qc1 40. Rf2 Qa1 41. a4 Re7 42. Re2 Rf7 43. Qd5 Qc3 44. c5 Qd4 45. Qxd4 Bxd4 46. b4 Rf1 47. Re7+ Kf6 48. Rxb7 a5 49. c6 Bg1+ 50. Kh3 Rc1 51. c7 Bd4 52. Bf4 Rc3+ 53. Kh2 axb4 54. Rb8 b3 55. c8Q Rxc8 56. Rxc8 b2 57. Rb8 Kf5 58. g3 Ke4 59. a5 Kd3 60. a6 Kc2 61. Rxb2+ Kxb2 62. Be5 Bxe5 63. a7 1-0

[Event "Nizhnij Tagil Stone Flower A"]
[Site "Nizhnij Tagil"]
[Date "2011.12.11"]
[Round "2"]
[White "Novoselov, Roman"]
[Black "Tetradze, Andrey"]
[Result "0-1"]
[WhiteElo "2149"]
[BlackElo "2154"]
[PlyCount "88"]
[EventDate "2011.12.10"]
[EventType "tourn"]
[EventRounds "9"]
[EventCountry "RUS"]
[SourceTitle "EXT 2022"]
[Source "ChessBase"]
[SourceDate "2021.10.06"]
[SourceVersion "1"]
[SourceVersionDate "2021.10.06"]
[SourceQuality "1"]

1. e4 c5 2. Nc3 Nc6 3. g3 g6 4. Bg2 Bg7 5. d3 e6 6. f4 Nge7 7. Nf3 0-0 8. Be3 Nd4 9. 0-0 Nec6 10. e5 f6 11. exf6 Bxf6 12. Ne4 Be7 13. h4 d5 14. Neg5 h6 15. Nh3 Nxf3+ 16. Qxf3 Nd4 17. Bxd4 cxd4 18. h5 g5 19. Qe2 Bd7 20. fxg5 hxg5 21. Rxf8+ Qxf8 22. Nf2 Bd6 23. Qg4 Qf5 24. Qxf5 exf5 25. Bxd5+ Kg7 26. Re1 g4 27. c4 Kf6 28. Kg2 Rh8 29. a3 b6 30. b4 Rxh5 31. Rf1 Kg6 32. Rc1 f4 33. Be4+ Kf6 34. gxf4 Bxf4 35. Rh1 Rxh1 36. Nxh1 Bc1 37. Nf2 Bxa3 38. b5 Kg5 39. Bc6 Bf5 40. Ne4+ Kf4 41. Kf2 Be7 42. Ke2 g3 43. Nd2 Bg4+ 44. Ke1 Bb4 0-1

[Event "Nizhnij Tagil Stone Flower A"]
[Site "Nizhnij Tagil"]
[Date "2011.12.10"]
[Round "1"]
[White "Kaliberda, Vladimir"]
[Black "Tetradze, Andrey"]
[Result "1/2-1/2"]
[WhiteElo "2288"]
[BlackElo "2154"]
[PlyCount "24"]
[EventDate "2011.12.10"]
[EventType "tourn"]
[EventRounds "9"]
[EventCountry "RUS"]
[SourceTitle "EXT 2022"]
[Source "ChessBase"]
[SourceDate "2021.10.06"]
[SourceVersion "1"]
[SourceVersionDate "2021.10.06"]
[SourceQuality "1"]

1. d4 d5 2. c4 c6 3. cxd5 cxd5 4. Nf3 Nc6 5. Nc3 Nf6 6. Bf4 a6 7. e3 Bg4 8. Bd3 e6 9. 0-0 Bd6 10. Bxd6 Qxd6 11. h3 Bxf3 12. Qxf3 0-0 1/2-1/2

[Event "Zudov Memorial-B 6th"]
[Site "Nizhnij Tagil"]
[Date "2010.07.01"]
[Round "6"]
[White "Tetradze, Andrey"]
[Black "Popov, Dmitriy"]
[Result "1/2-1/2"]
[WhiteElo "2201"]
[BlackElo "2349"]
[PlyCount "79"]
[EventDate "2010.06.25"]
[EventType "tourn"]
[EventRounds "9"]
[EventCountry "RUS"]
[SourceTitle "EXT 2011"]
[Source "ChessBase"]
[SourceDate "2010.11.26"]
[SourceVersion "1"]
[SourceVersionDate "2010.11.26"]
[SourceQuality "1"]

1. e4 c5 2. Nc3 Nc6 3. g3 g6 4. Bg2 Bg7 5. d3 e6 6. Nge2 Nge7 7. Be3 d6 8. Qd2 Nd4 9. 0-0 0-0 10. Nd1 Rb8 11. c3 Nxe2+ 12. Qxe2 b5 13. Bf4 Nc6 14. Qd2 b4 15. Bh6 bxc3 16. bxc3 Bxh6 17. Qxh6 Ba6 18. Qd2 Qa5 19. f4 f6 20. Ne3 Kg7 21. Rf2 Rf7 22. e5 d5 23. exf6+ Rxf6 24. Re1 Nd8 25. Ng4 Rf5 26. d4 Bc8 27. Qe3 c4 28. Ne5 Qa3 29. g4 Rf6 30. f5 Rb2 31. Rxb2 Qxb2 32. fxg6 hxg6 33. g5 Rf5 34. Bh3 Rf8 35. Ng4 Nf7 36. Rf1 Qc2 37. Nh6 Qd3 38. Qf4 Qxh3 39. Qf6+ Kh7 40. Nxf7 1/2-1/2

[Event "Nizhnij Tagil Stone Flower-A"]
[Site "Nizhnij Tagil"]
[Date "2009.12.13"]
[Round "10"]
[White "Matveev, Vladimir1"]
[Black "Tetradze, Andrey"]
[Result "0-1"]
[WhiteElo "2267"]
[BlackElo "2195"]
[PlyCount "140"]
[EventDate "2009.12.07"]
[EventType "tourn"]
[EventRounds "12"]
[EventCountry "RUS"]
[SourceTitle "EXT 2022"]
[Source "ChessBase"]
[SourceDate "2021.10.06"]
[SourceVersion "1"]
[SourceVersionDate "2021.10.06"]
[SourceQuality "1"]

1. d4 Nf6 2. c4 c5 3. d5 b5 4. cxb5 a6 5. b6 Qxb6 6. Nc3 d6 7. e4 g6 8. Be2 Bg7 9. Nf3 0-0 10. Nd2 Nbd7 11. 0-0 Bb7 12. a4 Rad8 13. a5 Qc7 14. Nc4 Ne8 15. f4 Bd4+ 16. Kh1 Ndf6 17. Bf3 e6 18. Ra3 exd5 19. exd5 Nd7 20. Ne2 Bg7 21. g4 f6 22. Ng3 Rf7 23. Re1 Nf8 24. Rae3 Qb8 25. Rxe8 Rxe8 26. Rxe8 Qxe8 27. Nxd6 Qe7 28. Nxf7 Qxf7 29. Qb3 f5 30. gxf5 gxf5 31. Qd3 Bc8 32. h3 Ng6 33. d6 Bd4 34. Ne2 Bf6 35. Kh2 Kg7 36. Bc6 Be6 37. Ng3 Nh4 38. d7 Bd8 39. Bd2 c4 40. Bc3+ Kh6 41. Qd6 Ng6 42. Bd4 Qe7 43. Qb8 Bxd7 44. Bb6 Bxb6 45. Qxb6 Be6 46. Bd5 Bd7 47. Bxc4 Qe1 48. Qd4 Bc8 49. Be2 Qxa5 50. Bh5 Qc7 51. Bxg6 Kxg6 52. h4 Qe7 53. Kh3 Qf6 54. Qc5 Bd7 55. h5+ Kh6 56. b4 Kg7 57. Qc7 Qe6 58. Qd8 h6 59. Qc7 Kg8 60. Qc5 Kg7 61. Qd4+ Kg8 62. Qd3 Kh7 63. Kh2 Kg7 64. Kg2 Qa2+ 65. Kg1 Qe6 66. Qd4+ Kh7 67. Kf2 Kg8 68. Nf1 Bc6 69. Ne3 Qe4 70. Qd6 Qf3+ 0-1

[Event "Nizhnij Tagil Stone Flower-A"]
[Site "Nizhnij Tagil"]
[Date "2009.12.08"]
[Round "3"]
[White "Tetradze, Andrey"]
[Black "Matveev, Vladimir1"]
[Result "0-1"]
[WhiteElo "2195"]
[BlackElo "2267"]
[PlyCount "180"]
[EventDate "2009.12.07"]
[EventType "tourn"]
[EventRounds "12"]
[EventCountry "RUS"]
[SourceTitle "EXT 2022"]
[Source "ChessBase"]
[SourceDate "2021.10.06"]
[SourceVersion "1"]
[SourceVersionDate "2021.10.06"]
[SourceQuality "1"]

1. e4 d6 2. d4 Nf6 3. Nc3 g6 4. g3 Bg7 5. Bg2 0-0 6. h3 Nc6 7. Nge2 e5 8. Be3 Nd7 9. 0-0 exd4 10. Nxd4 Nde5 11. Nxc6 bxc6 12. Rb1 c5 13. Nd5 Be6 14. b3 Nc6 15. c3 Qd7 16. Kh2 Bxd5 17. exd5 Ne7 18. Qd3 a5 19. Rfe1 Nf5 20. Bg5 h6 21. Bd2 Rfe8 22. h4 Rxe1 23. Rxe1 a4 24. b4 cxb4 25. cxb4 Nd4 26. Bh3 Qb5 27. Qxb5 Nxb5 28. Rc1 a3 29. Bf1 Nd4 30. Be3 Rb8 31. Rc4 Nb5 32. Bd2 Re8 33. Rc1 Nd4 34. Be3 Re7 35. Kg2 Nf5 36. Bf4 Re4 37. Rc4 Rxc4 38. Bxc4 Bc3 39. b5 Bb4 40. Kf3 Bc5 41. Bd2 Nd4+ 42. Ke4 f5+ 43. Kd3 Nf3 44. Ba5 Ne5+ 45. Kc3 Bb6 46. Bxb6 cxb6 47. Be2 Nd7 48. Kb4 Nc5 49. f3 Kf7 50. Kxa3 Kf6 51. Kb4 Ke5 52. Kc4 g5 53. hxg5 hxg5 54. Bd1 Nb7 55. Bc2 Na5+ 56. Kb4 f4 57. g4 Kxd5 58. Kc3 Kc5 59. a4 d5 60. Bd3 d4+ 61. Kc2 Nc4 62. Be4 Ne3+ 63. Kb3 Nd1 64. Bg6 Nc3 65. Bf5 Ne2 66. Be4 d3 67. Bxd3 Nd4+ 68. Kc3 Nxf3 69. Bf5 Ne5 70. Be6 f3 71. Kd2 Kb4 72. Bd5 Kxa4 73. Bc6 f2 74. Ke2 Nxg4 75. Bd7 Ne5 76. Bf5 Kxb5 77. Kxf2 Kc5 78. Ke3 Kd5 79. Be4+ Kc5 80. Bf5 b5 81. Ke4 Nf7 82. Be6 Nd6+ 83. Ke5 b4 84. Ba2 Kb5 85. Bb3 Ka5 86. Be6 Ne8 87. Bd5 g4 88. Kf5 Nf6 89. Kxf6 g3 90. Ke5 b3 0-1